000 00715am a2200277a 44500
003 AR-BaBNM
005 20251128211023.0
008 020703s1994 #AR|||||||||||000 | ing||
020 _a0-582-05327-7
040 _cAR-BaBNM
100 1 _aDate, Olivia
245 1 0 _aWorld class
_bactivity book
_n4
260 _aEdinburgh
_bAddison Wesley Longman
_c1994
300 _a64 p.
_bil., tablas
650 4 _aENSEƑANZA DE IDIOMAS
650 4 _aINGLES
650 4 _aLENGUA EXTRANJERA
650 4 _aLIBROS DE TEXTO
650 4 _aADOLESCENTES
650 4 _aJUEGOS EDUCATIVOS
650 4 _aACTIVIDADES DE APRENDIZAJE
700 1 _aHarris, Michael
700 1 _aMower, David
942 _cBK
998 _craquel
999 _c17919
_d17919